| 000 | 00872nam a2200241 a 4500 | ||
|---|---|---|---|
| 001 | 000020874 | ||
| 005 | 20260520104306.0 | ||
| 008 | 100820s2003 dr 000 0 spa d | ||
| 040 |
_aDO-SdBNP _bspa _cBNPHU |
||
| 082 |
_a330.1 _bS237s |
||
| 100 | 1 |
_aSantos, Gedeón _99557 |
|
| 245 | 1 | 0 |
_aSistemas mundiales en crisis : _bdel colapso de la URSS a la crisis del capitalismo global / _cGedeón Global. |
| 260 |
_aSanto Domingo : _bImpretur, _c2003. |
||
| 300 |
_a201 p. ; _c21 cm. |
||
| 504 | _aIncluye bibliografía y notas al pie de páginas. | ||
| 504 | _aBibliografía: p.197-201. | ||
| 590 | _aInventariado, 2018/ YL | ||
| 650 | 4 |
_aSistemas económicos _97422 |
|
| 650 | 0 |
_aRelaciones internacionales _9399 |
|
| 650 | 4 |
_aPolítica internacional _ySIGLO XX _92253 |
|
| 650 | 4 |
_aEconomía internacional _ySIGLO XX _943748 |
|
| 910 | _aValidado. Control de calidad EMS | ||
| 999 |
_c20377 _d20377 |
||